|
|
|
|
| LEADER |
01077cam a2200277 7i4500 |
| 001 |
0000042609 |
| 005 |
20210629090000.0 |
| 020 |
|
|
|a 9780071315135 (pbk., ; instructor's ed.)
|
| 020 |
|
|
|a 9780073406756 (student's ed.)
|
| 020 |
|
|
|a 0073406759 (annotated instructor's ed.)
|
| 020 |
|
|
|a 9780077410056 (annotated instructor's ed.)
|
| 020 |
|
|
|a 0071315136 (pbk., ; instructor's ed.)
|
| 090 |
0 |
0 |
|a BF637.C45
|b F57 2011
|
| 100 |
1 |
|
|a Floyd, Kory
|
| 245 |
1 |
0 |
|a Interpersonal communication
|c Kory Floyd.
|
| 250 |
|
|
|a 2nd ed.
|
| 260 |
|
|
|a New York, NY:
|b McGraw-Hill,
|c 2011.
|
| 300 |
|
|
|a xxvi, 405 p.:
|b ill. col.;
|c 26 cm.
|
| 650 |
|
0 |
|a Interpersonal communication
|
| 655 |
|
0 |
|a Electronic books
|
| 856 |
4 |
2 |
|u http://library.unisel.edu.my/web/guest/mylibrary
|
| 997 |
|
|
|a Communication, Visual Art & Computing, Faculty
|b Communication, Department
|
| 998 |
|
|
|a Digital Graphic Design, Degree
|
| 998 |
|
|
|a Arts Creative Photography Technology, Degree
|
| 999 |
|
|
|a 0000052261
|b BOK
|c OPEN SHELF
|e 1st Floor, Shah Alam
|
| 999 |
|
|
|a EBO0005470
|b BOK
|c EBOOK
|e Electronic resources
|